[Event "Reykjavik op"]
[Site "Reykjavik"]
[Date "2024.03.15"]
[Round "1"]
[White "Mai, Alexander Oliver"]
[Black "Becke, Wolf"]
[Result "1-0"]
[WhiteElo "2160"]
[BlackElo "1928"]
[PlyCount "63"]
[EventDate "2024.03.15"]
[EventType "swiss"]
[EventRounds "9"]
[EventCountry "ISL"]
[SourceTitle "CB13_2024"]
[SourceDate "2024.03.27"]
[SourceVersion "1"]
[SourceVersionDate "2024.03.27"]
[SourceQuality "1"]

1. e4 g6 2. d4 Bg7 3. Nc3 d6 4. f4 Nd7 5. Nf3 e6 6. Be3 Ne7 7. Bd3 a6 8. 0-0 h6 9. Qd2 Nb6 10. Bf2 0-0 11. Ne2 d5 12. e5 Bd7 13. c3 Bb5 14. Bb1 a5 15. b3 a4 16. Bc2 axb3 17. axb3 Qd7 18. h3 Ra6 19. Rxa6 Bxa6 20. Ra1 Ra8 21. g4 Qe8 22. Ng3 Bb5 23. Rc1 Ra2 24. f5 Bf8 25. Be3 exf5 26. gxf5 Nxf5 27. Nxf5 gxf5 28. Kh1 Qe6 29. Rg1+ Kh8 30. Nh4 Rxc2 31. Qxc2 f4 32. Qg2 1-0

[Event "Ceske Budejovice op-A"]
[Site "Ceske Budejovice"]
[Date "2023.07.04"]
[Round "4"]
[White "Mai, Alexander Oliver"]
[Black "Pisar, Tomas"]
[Result "1-0"]
[WhiteElo "2137"]
[BlackElo "1749"]
[PlyCount "29"]
[EventDate "2023.07.01"]
[EventType "swiss"]
[EventRounds "9"]
[EventCountry "CZE"]
[SourceTitle "CBM 215 Extra"]
[Source "ChessBase"]
[SourceDate "2023.09.30"]
[SourceVersion "1"]
[SourceVersionDate "2023.09.30"]
[SourceQuality "1"]

1. e4 e5 2. Nf3 Nc6 3. Nc3 Nf6 4. d4 exd4 5. Nd5 Nxd5 6. exd5 Bb4+ 7. Bd2 Bxd2+ 8. Qxd2 Ne7 9. Qxd4 Nf5 10. Qf4 d6 11. 0-0-0 Qf6 12. Bb5+ Bd7 13. Qa4 Qd8 14. Rhe1+ Ne7 15. Rxe7+ 1-0

[Event "Reykjavik op"]
[Site "Reykjavik"]
[Date "2023.03.31"]
[Round "4"]
[White "Mai, Alexander Oliver"]
[Black "Fresow, Boris"]
[Result "1/2-1/2"]
[WhiteElo "2141"]
[BlackElo "1804"]
[PlyCount "89"]
[EventDate "2023.03.29"]
[EventType "swiss"]
[EventRounds "9"]
[EventCountry "ISL"]
[SourceTitle "CBM 213 Extra"]
[Source "ChessBase"]
[SourceDate "2023.05.31"]
[SourceVersion "1"]
[SourceVersionDate "2023.05.31"]
[SourceQuality "1"]

1. e4 c6 2. Nc3 d5 3. Nf3 Bg4 4. h3 Bxf3 5. Qxf3 e6 6. Be2 Bc5 7. 0-0 Nd7 8. Qg3 Bd4 9. d3 Ne7 10. Be3 Bxe3 11. Qxe3 0-0 12. d4 dxe4 13. Nxe4 Nd5 14. Qb3 Qb6 15. c3 Qxb3 16. axb3 a5 17. Nd6 b6 18. Bf3 N7f6 19. Nc4 Rab8 20. Ne5 Rfc8 21. Nd3 Rc7 22. Ra4 Nd7 23. b4 axb4 24. Nxb4 Nxb4 25. Rxb4 Ra8 26. Rc4 Nb8 27. Rd1 Raa7 28. Kf1 Kf8 29. Ke2 Ke7 30. h4 h6 31. g3 Kd6 32. Bg2 b5 33. Rb4 Nd7 34. Kd3 Nb6 35. Kc2 Nc4 36. Bf1 Nb6 37. Rb3 Ra4 38. Bd3 Rca7 39. Kd2 Nd5 40. Rc1 Nb6 41. Be2 Nc4+ 42. Kc2 Na5 43. Ra3 Rxa3 44. bxa3 Nc4 45. Bxc4 1/2-1/2

[Event "Reykjavik Skakping op"]
[Site "Reykjavik"]
[Date "2023.01.22"]
[Round "5"]
[White "Mai, Alexander Oliver"]
[Black "Omarsson, Adam"]
[Result "1-0"]
[WhiteElo "2119"]
[BlackElo "1693"]
[PlyCount "91"]
[EventDate "2023.01.08"]
[EventType "swiss"]
[EventRounds "9"]
[EventCountry "ISL"]
[SourceTitle "EXT 2024"]
[Source "ChessBase"]
[SourceDate "2023.10.10"]
[SourceVersion "1"]
[SourceVersionDate "2023.10.10"]
[SourceQuality "1"]

1. e4 d6 2. d4 Nf6 3. Nc3 g6 4. Be3 Bg7 5. Qd2 Ng4 6. Bg5 h6 7. Bh4 0-0 8. h3 Nf6 9. f4 c6 10. Bd3 Re8 11. Nf3 b5 12. a3 a6 13. Qf2 Nh5 14. Ne2 Qc7 15. g4 Nf6 16. g5 hxg5 17. Bxg5 c5 18. c3 Bb7 19. Qe3 Nbd7 20. Ng3 e5 21. dxe5 dxe5 22. f5 c4 23. Bc2 Qc5 24. Qe2 Nh7 25. Be3 Qc6 26. h4 Ndf6 27. h5 gxh5 28. Nd2 Ng4 29. Nxh5 Nxe3 30. Qxe3 Qh6 31. Qg3 Qg5 32. Rg1 f6 33. Nxg7 Kxg7 34. Qf2 Kf7 35. Rxg5 Nxg5 36. 0-0-0 Nh3 37. Qe3 Nf4 38. Rh1 Rh8 39. Rxh8 Rxh8 40. Qa7 Rh1+ 41. Bd1 Nd3+ 42. Kc2 Ne1+ 43. Kb1 Nd3 44. Qxb7+ Ke8 45. Qc8+ Kf7 46. Nxc4 1-0

[Event "Uppsala Young Champions 9th"]
[Site "Uppsala"]
[Date "2022.10.29"]
[Round "2"]
[White "Ostensson, Julia"]
[Black "Mai, Alexander Oliver"]
[Result "0-1"]
[WhiteElo "1847"]
[BlackElo "2183"]
[PlyCount "130"]
[EventDate "2022.10.28"]
[EventType "swiss"]
[EventRounds "9"]
[EventCountry "SWE"]
[SourceTitle "EXT 2024"]
[Source "ChessBase"]
[SourceDate "2023.10.10"]
[SourceVersion "1"]
[SourceVersionDate "2023.10.10"]
[SourceQuality "1"]

1. e4 c5 2. Nc3 Nc6 3. g3 g6 4. Bg2 Bg7 5. Nge2 e5 6. d3 Nge7 7. Nd5 Nxd5 8. exd5 Ne7 9. 0-0 d6 10. Rb1 a5 11. a4 0-0 12. Nc3 f5 13. f4 Bd7 14. Bd2 Qc7 15. b3 exf4 16. Rxf4 g5 17. Rf1 h6 18. Nb5 Bxb5 19. axb5 Ng6 20. Qh5 Ne5 21. Bh3 Qd7 22. Rbe1 Rf7 23. Re2 a4 24. bxa4 Rxa4 25. Kh1 Ra2 26. Bc1 Rf6 27. Ref2 g4 28. Bg2 Qf7 29. Qxf7+ Rxf7 30. h3 Bf8 31. Be3 Rb2 32. b6 Rxb6 33. Rxf5 Rxf5 34. Rxf5 Rb1+ 35. Kh2 Re1 36. Bg1 Re2 37. Rf2 Re1 38. h4 Bg7 39. Be4 b5 40. Kg2 Ra1 41. Re2 b4 42. Be3 Ra2 43. Kf2 Kf7 44. Bf4 Nd7 45. Bf5 Bd4+ 46. Be3 Bxe3+ 47. Kxe3 Ne5 48. Be6+ Ke7 49. Bf5 h5 50. Be4 Ra3 51. Kf2 Rc3 52. Bg6 Kf6 53. Be4 b3 54. cxb3 Nxd3+ 55. Bxd3 Rxd3 56. Re6+ Kf5 57. Rxd6 Ke4 58. Rf6 Rd2+ 59. Ke1 Rxd5 60. Ke2 Kd4 61. Re6 Kc3 62. Ke3 Kxb3 63. Rc6 c4 64. Ke4 Rd3 65. Rb6+ Kc2 0-1

[Event "EU-Cup 37th"]
[Site "Mayrhofen"]
[Date "2022.10.04"]
[Round "2.6"]
[White "Sebenik, Matej"]
[Black "Mai, Alexander Oliver"]
[Result "1-0"]
[WhiteElo "2518"]
[BlackElo "2183"]
[PlyCount "47"]
[EventDate "2022.10.03"]
[EventType "team-swiss"]
[EventRounds "7"]
[EventCountry "AUT"]
[SourceTitle "CBM 210 Extra"]
[Source "ChessBase"]
[SourceDate "2022.11.30"]
[SourceVersion "1"]
[SourceVersionDate "2022.11.30"]
[SourceQuality "1"]
[WhiteTeam "Ljubljana Tajfun"]
[BlackTeam "Reykjavik"]
[WhiteTeamCountry "SLO"]
[BlackTeamCountry "ISL"]

1. Nf3 d5 2. g3 c6 3. Bg2 Bg4 4. h3 Bh5 5. 0-0 Nd7 6. d4 e6 7. c4 Ngf6 8. cxd5 exd5 9. Ne5 Bg6 10. Nc3 Nxe5 11. dxe5 Ne4 12. Nxe4 dxe4 13. Qa4 Qd7 14. Kh2 c5 15. Qc4 Qd4 16. Qb5+ Qd7 17. a4 0-0-0 18. Bf4 Be7 19. Rfc1 Qd5 20. b4 b6 21. bxc5 Bxc5 22. Rxc5+ bxc5 23. e6 fxe6 24. Rc1 1-0